| 000 | 01076nam a22003255i 4500 | ||
|---|---|---|---|
| 001 | 11017 | ||
| 003 | ES-MaACL | ||
| 005 | 20250804012817.0 | ||
| 007 | t| | ||
| 008 | 930331s1993 sp ||||0| spa j | ||
| 020 | _a84-7658-383-4 | ||
| 040 |
_aM-BN _bspa _cM-BN |
||
| 080 | _a1 Colli, Giorgio | ||
| 080 | _a111 | ||
| 080 | _a165 | ||
| 100 | 1 |
_aAragay Tusell, Narcís. _922162 |
|
| 245 | 1 | 0 |
_aOrigen y decadencia del logos _b: Giorgio Colli y la afirmación del pensamiento trágico / _cNarcís Aragay Tusell ; prólogo de Miguel Morey. |
| 250 | _a[1ª ed.]. | ||
| 260 |
_aBarcelona : _bAnthropos, _c1993. |
||
| 300 |
_a284 p ; _c20 cm. |
||
| 490 | 1 |
_aAutores, textos y temas. Filosofía ; _v43 |
|
| 504 | _aBibliografía: p. 277-281. | ||
| 600 | 1 | 4 |
_aColli, Giorgio- _xCrítica e interpretación. _939702 |
| 650 | 4 |
_aEpistemología. _912338 |
|
| 650 | 7 |
_aMetafísica _2embne _915012 |
|
| 700 | 1 |
_aMorey, Miguel. _983498 |
|
| 830 | 0 |
_aAutores, textos y temas. Filosofía ; _v43 _9177263 |
|
| 852 |
_aES-MaACL _jL-18320 _bR.121355 |
||
| 999 |
_c11017 _d11017 |
||